000 00743nam#a22002895a#4500
001 312
008 060615s19751975ag#ao##f######001#0#spa#d
245 1 0 _aFitopatología :
_bCurso Moderno. /
_cAbel A. Sarasola.
250 _a1ª ed.
260 _aBuenos Aires :
_bHemisferio Sur,
_c1975.
300 _a222 p. :
_bfot., il. ;
_c27 cm.
490 0 _aFitopatología ;
_vIII
100 1 _aSarasola, Abel A.
700 1 _aSarasola, María A. Rocca.
080 _a581.2
084 _aS23
653 _aBacterias
653 _aMicroorganismos
653 _aVirosis
653 _aPlantas frutales
653 _aHortalizas
653 _aVariedad
040 _aAR-ClEAG
_cAR-ClEAG
005 20241107184631.0
003 AR-ClEAG
942 _cBK
999 _c312
_d312
980 _62
_aEvangelina Gallicchio
_82
_gEvangelina Gallicchio